| 000 | 00674nam a2200289Ia 4500 | ||
|---|---|---|---|
| 005 | 20260324150029.0 | ||
| 008 | 008 260324s9999 xx 000 0 eng d | ||
| 020 | _a9781003503200 | ||
| 037 | _aEBOOK | ||
| 040 | _aCRL | ||
| 040 | _beng | ||
| 040 | _cCRL | ||
| 041 | _2eng | ||
| 041 | _aeng | ||
| 084 | _qCRL | ||
| 100 |
_aElaine Windrich _91224389 |
||
| 245 | 4 | _aThe Rhodesian Problem | |
| 245 | 2 | _bA Documentary Record 1923–1973 | |
| 260 | _bTaylor and Francis | ||
| 260 | _c1975 | ||
| 365 | _a | ||
| 365 | _b180 | ||
| 856 | _uhttp://www.taylorfrancis.com/books/9781003503200 | ||
| 942 | _cEBOOK | ||
| 999 |
_c1833790 _d1833790 |
||